<?xml version="1.0" encoding="UTF-8"?><?xml-stylesheet type="text/xsl" href="static/style.xsl"?><OAI-PMH xmlns="http://www.openarchives.org/OAI/2.0/" xmlns:xsi="http://www.w3.org/2001/XMLSchema-instance" xsi:schemaLocation="http://www.openarchives.org/OAI/2.0/ http://www.openarchives.org/OAI/2.0/OAI-PMH.xsd"><responseDate>2026-06-29T01:18:26Z</responseDate><request verb="GetRecord" identifier="oai:docta.ucm.es:20.500.14352/135022" metadataPrefix="marc">https://docta.ucm.es/rest/oai/request</request><GetRecord><record><header><identifier>oai:docta.ucm.es:20.500.14352/135022</identifier><datestamp>2026-04-25T00:01:04Z</datestamp><setSpec>com_20.500.14352_14</setSpec><setSpec>col_20.500.14352_15</setSpec></header><metadata><record xmlns="http://www.loc.gov/MARC21/slim" xmlns:dcterms="http://purl.org/dc/terms/" xmlns:xsi="http://www.w3.org/2001/XMLSchema-instance" xmlns:doc="http://www.lyncode.com/xoai" xsi:schemaLocation="http://www.loc.gov/MARC21/slim http://www.loc.gov/standards/marcxml/schema/MARC21slim.xsd">
   <leader>00925njm 22002777a 4500</leader>
   <datafield ind2=" " ind1=" " tag="042">
      <subfield code="a">dc</subfield>
   </datafield>
   <datafield ind2=" " ind1=" " tag="720">
      <subfield code="a">Ruiz Sanjuan, César</subfield>
      <subfield code="e">author</subfield>
   </datafield>
   <datafield ind2=" " ind1=" " tag="260">
      <subfield code="c">2017</subfield>
   </datafield>
   <datafield ind2=" " ind1=" " tag="520">
      <subfield code="a">El análisis del populismo que presenta José Luis Villacañas está dirigido a poner manifiesto la génesis de este fenómeno político en las condiciones estructurales de la sociedad moderna y la relación de continuidad que tiene con el neoliberalismo. Su tesis central es que el populismo es "una respuesta a la propias dimensiones problemáticas que la modernidad encierra y a la crisis social que inevitablemente genera bajo su forma presente de globalización neoliberal". Desde esta perspectiva, el populismo aparece como el reflejo especular a nivel político del sistema económico y social instaurado por el neoliberalismo, de modo que cuanto más se imponga la forma de subjetividad que produce la sociedad neoliberal y mayor sea la desestructuración social que genera, más posibilidades tiene de expandirse el fenómeno populista.</subfield>
   </datafield>
   <datafield ind1="8" ind2=" " tag="024">
      <subfield code="a">Ruiz Sanjuán C. (2017). El populismo como espejo del neoliberalismo. Res Publica. Revista de Historia de las Ideas Políticas, 20(2), 383-390.</subfield>
   </datafield>
   <datafield ind1="8" ind2=" " tag="024">
      <subfield code="a">1576-4184</subfield>
   </datafield>
   <datafield ind1="8" ind2=" " tag="024">
      <subfield code="a">10.5209/RPUB.56477</subfield>
   </datafield>
   <datafield ind1="8" ind2=" " tag="024">
      <subfield code="a">https://hdl.handle.net/20.500.14352/135022</subfield>
   </datafield>
   <datafield ind1="8" ind2=" " tag="024">
      <subfield code="a">1989-6115</subfield>
   </datafield>
   <datafield ind1="8" ind2=" " tag="024">
      <subfield code="a">https://doi.org/10.5209/RPUB.56477</subfield>
   </datafield>
   <datafield ind1="8" ind2=" " tag="024">
      <subfield code="a">https://revistas.ucm.es/index.php/RPUB/article/view/56477</subfield>
   </datafield>
   <datafield ind1="8" ind2=" " tag="024">
      <subfield code="a">https://produccioncientifica.ucm.es/documentos/5d3999a5299952068444ee54</subfield>
   </datafield>
   <datafield ind2="0" ind1="0" tag="245">
      <subfield code="a">El populismo como espejo del neoliberalismo</subfield>
   </datafield>
</record></metadata></record></GetRecord></OAI-PMH>